Spain Autonomous Communities Capitals - Statistics

General Stats
  • This quiz has been taken 801 times
  • The average score is 13 of 19
Answer Stats
Autonomous Community Popul. Capital % Correct
Madrid 3,198,645 Madrid
100%
Catalonia 1,611,013 Barcelona
99%
Valencia 792,054 Valencia
96%
Andalusia 698,042 Sevilla
87%
Murcia 437,667 Murcia
86%
Aragon 678,115 Zaragoza
83%
Balearic Islands 402,044 Palma de Mallorca
68%
Navarre 195,943 Pamplona
67%
(autonomous city) 83,517 Ceuta
64%
Castile - La Mancha 83,872 Toledo
63%
(autonomous city) 81,323 Melilla
62%
Cantabria 178,095 Santander
62%
Asturias 225,005 Oviedo
60%
Castile - Leon 311,682 Valladolid
60%
Galicia 95,397 Santiago de Compostela
57%
Extremadura 57,810 Merida
50%
La Rioja 152,698 Logrono
46%
Basque Country 240,753 Vitoria-Gasteiz
33%
Canary Islands 381,271 / 204,476 Las Palmas / Santa Cruz
15%
No matching quizzes found
Score Distribution
Percent of People with Each Score
Percentile by Number Answered
Your Score History
You have not taken this quiz